Państwa wykonane z pierwiastków #3 - Statystyki

Ogólne statystyki
  • Ten quiz został rozwiązany 204 razy
  • Średni wynik to 8 z 11
Statystyki odpowiedzi
Pierwiastki Kraj % Poprawnych
węgiel + wodór + jod + azot + itr Chiny
97%
gal + bor + tlen + azot Gabon
78%
potas + osm + wolfram + tlen Kosowo
74%
lantan + osm Laos
74%
azot + złoto + ruten Nauru
74%
beryl + nikiel + azot Benin
70%
potas + astat + argon Katar
66%
uran + potas + rad + jod + sod Ukraina
62%
węgiel + itr + prazeodym Cypr
59%
holm + neodym + uran + rad + siarka Honduras
50%
fosfor + erb + uran Peru
49%
Nie znaleziono quizów pasujących do podanych kryteriów
Rozkład punktacji
Procent ludzi z każdym wynikiem
Percentyl według liczby udzielonych odpowiedzi
Twoja historia wyników
Nie rozwiązałeś tego quizu